000 00523nam a22002177a 4500
003 Nust
005 20211014111804.0
008 170210b xxu||||| |||| 00| 0 eng d
020 _a0-07-0858055
038 _akhadija
040 _cc
082 _a621
_bTIM
100 _aTimoshenko, S.P.
_983138
245 _aTheory of Elasticity /
_cS.P. Timoshenko,
250 _a3rd ed.
260 _aNew York :
_bMcGraw-Hill,
_c1970.
300 _a567 p. ;
_c22 cm.
500 _aPaperback.
563 _aPB
942 _cBK
_2ddc
999 _c32293
_d32293